000 00453nam a2200133 a 4500
008 120416s1976 ||||||||||||||||| || u
050 _aHM 48 Lin
100 _aLin, Nan
245 1 0 _aFoundations of social research
260 _aNew York
_bMcGraw-Hill
_c1976
300 _axvii, 458p. : ill
350 _a0.00
995 _D0.00
_FCBU-MAIN LIBRARY (Kitwe)
_H1
_I0.00
_UDAMAGED
_ZMain Library Open Access Collection
999 _c43913
_d43913